000 00516nam a2200169 a 4500
020 _a0748603506 (hard)
020 _a0748604359 (pbk.)
082 0 0 _a297.124
_bBUR
_cN01,P,46
100 1 _aBurton, John,
_937347
245 1 3 _aAn introduction to the Ḥadīth /
_cJohn Burton.
260 _aEdinburgh :
_bEdinburgh University Press,
_cc1994.
300 _axxvi, 210 p. ;
_c22 cm.
526 _a0
_b0
_c0
_d297_124000000000000_BUR
650 0 _aHadith
_xIntroductions.
_937348
650 0 _aNUST
_96342
942 _2ddc
_cBK
999 _c542232
_d542232